Fill in the Scottish First Ministers - Statistics

General Stats
  • This quiz has been taken 249 times
    144 since last reset
  • The average score is 4 of 7
Answers on the Map
Answers color-coded by a green-red scale on the quiz's map according to % correct below.
 
Answer Stats
Answer % Correct
Nicola Sturgeon
88%
Alex Salmond
85%
John Swinney
68%
Donald Dewar
50%
Humza Yousaf
47%
Jack McConnell
27%
Henry McLeish
14%
No matching quizzes found
Score Distribution
Percent of People with Each Score
Percentile by Number Answered
Your Score History
You have not taken this quiz since the last reset